00644nam a2200169Ia 4500008004100000100002100041245010400062245010200166260003900268260000900307300001800316440005400334650001700388650002700405650003200432650001000464170419s9999 xx 000 0 und d aMurphy, Colm P.  aContextual information and perceptual-cognitive expertise in a dynamic, temporally-constrained task cColm P. Murphy, Robin C. Jackson, Karl Cooke, Andre Roca, Nicolas Benguigui, and A. Mark Williams bAmerican Psychological Association c2016 aDecember 2016 aJournal of Experimental Psychology: Appliedv22:4 aANTICIPATION aCONTEXTUAL INFORMATION aPERCEPTUAL-COGNITIVE SKILLS aSKILL